God, history, and historians : an anthology of modern christian views of history /

Guardado en:
Autor Principal: Macintire, C. T.
Formato: Libro
Publicado: New York : Oxford University, 1977
Materias:
Etiquetas: Agregar Etiqueta
Sin Etiquetas, Sea el primero en etiquetar este registro!
LEADER 00509nam a22001575a 4500
001 EHU.bham012012
003 AR-BHAM
005 20100219151026.0
008 130507s1977##################000#0#####d
082 9 0 |a 907 
100 1 |a Macintire, C. T. 
245 1 0 |a God, history, and historians :  |b an anthology of modern christian views of history /  |c C. T. Macintire 
260 |a New York :  |b Oxford University,  |c 1977 
300 |a 477 p. 
653 |a Historiografia 
859 |a AR-BHAM  |b BIB. HUMANIDADES - General  |h 907  |i M189  |p 318.82  |t Ej.1